000 00773nam a22002177a 4500
005 20150520112757.0
008 140714b xxu||||| |||| 00| 0 Urdu d
010 _aUR-8930
020 _c250.00
035 _aU-7485
037 _bBPPD/Pub/Ven
040 _aDPL
_bUrdu
082 _a840.8
100 _aا مين ا حسن
245 _aپر يم چند کے سما جی نظر يا ت :نا ولو ن کی رو شنی مين
_cا مين ا حسن
246 _aPremchand ke Samaji Nazariyat(Novel ki Roshni Mein)
_bBy Ameen Ahsan
260 _bEducational Publishing House
_c2010
_aDelhi
270 _a3108,Vakil Street Kucha Pandit,Lal Kuan
_bDelhi
_k01123216162
_e110006
300 _a268ص
_c22Cm (Hb)
942 _2ddc
_cUR
_e
_h840.8
_mا م ی
999 _c93768
_d93768